000 00687cab a2200217 4500
001 ABS44662
008 090401t1991 xxu||||| |||| 00| 0 eng d
035 _a(Sirsi) u48313
041 _aeng
100 _aParry, C.
245 _aGlobal warming
260 _c1991
350 _a0
490 _aHousing and Planning Review
_v46(3) June/July 1991, 4-5(2)
520 _aReview of the UK Climate Change Impact Review Group `s report on the implications of global warming on housing and planning including coastal flooding and subsidence .
650 _aCLIMATE CHANGE
690 _aENVIRONMENTAL AND LAND CONSULTANCY
700 _aParry, M.
942 _n0
948 _c04/03/1997
999 _c30347
_d30347